000 00694nam a2200241Ia 4500
003 OSt
005 20220925235744.0
006 a|||||r|||| 00| 0
007 ta
008 220923b |||||||| |||| 00| 0 eng d
037 _cGeneral Book
040 _aRTL
_cRTL
_beng
041 _2eng
_aeng
082 _aV2:91.N80<--N77, M1
100 _aMehta Usha
_9103297
245 0 _aWomen and men voters
_b The 1977-80 experiment
260 _a New Delhi
_bElection Archives
_c1981
300 _a119p
_ccm.
500 _aAppendix: P 101-16
650 _aElection Method
_9237010
942 _hV2:91.N80<--N77, M1
_cGB
_2CC
999 _c597881
_d597881